<?xml version="1.0" encoding="UTF-8"?>
<record
    xmlns:xsi="http://www.w3.org/2001/XMLSchema-instance"
    xsi:schemaLocation="http://www.loc.gov/MARC21/slim http://www.loc.gov/standards/marcxml/schema/MARC21slim.xsd"
    xmlns="http://www.loc.gov/MARC21/slim">

  <leader>00930cam a22002171  4500</leader>
  <controlfield tag="001">af 47000048 </controlfield>
  <controlfield tag="003">DLC</controlfield>
  <controlfield tag="005">20260227110800.0</controlfield>
  <controlfield tag="008">890410s1942    gw            000 0 ger c</controlfield>
  <datafield tag="010" ind1=" " ind2=" ">
    <subfield code="a">af 47000048 </subfield>
  </datafield>
  <datafield tag="035" ind1=" " ind2=" ">
    <subfield code="a">(OCoLC)19528395</subfield>
  </datafield>
  <datafield tag="040" ind1=" " ind2=" ">
    <subfield code="a">Wisconsin. Univ. Libr.</subfield>
    <subfield code="c">CU</subfield>
    <subfield code="d">DLC</subfield>
  </datafield>
  <datafield tag="042" ind1=" " ind2=" ">
    <subfield code="a">premarc</subfield>
  </datafield>
  <datafield tag="050" ind1="0" ind2="0">
    <subfield code="a">PT2639.T315</subfield>
    <subfield code="b">I5</subfield>
  </datafield>
  <datafield tag="082" ind1=" " ind2=" ">
    <subfield code="a">833.91</subfield>
  </datafield>
  <datafield tag="100" ind1="1" ind2=" ">
    <subfield code="a">Steguweit, Heinz,</subfield>
    <subfield code="d">1897-1964.</subfield>
  </datafield>
  <datafield tag="245" ind1="1" ind2="0">
    <subfield code="a">Ins volle menschenleben,</subfield>
    <subfield code="b">neue erz&#xE4;hlungen.</subfield>
  </datafield>
  <datafield tag="260" ind1=" " ind2=" ">
    <subfield code="a">Hamburg,</subfield>
    <subfield code="b">Hanseatische verlagsanstalt</subfield>
    <subfield code="c">[1942]</subfield>
  </datafield>
  <datafield tag="300" ind1=" " ind2=" ">
    <subfield code="a">92 p., 1 l.</subfield>
  </datafield>
  <datafield tag="505" ind1="0" ind2=" ">
    <subfield code="a">Ich hab die nacht getr&#xE4;umet.--Ein buckel voll gl&#xFC;ck.--Der apfel.--Das ewig weibliche.--Wohltun tr&#xE4;gt zinsen.--Sp&#xE4;te hochzeitreise.--Heimweh nach Bianka.--Im spinngewebe.--Die stare bauen.--Eines sch&#xE4;fers hund.--Nachbars Regine.--Rund um den karpfenteich.--Schwester Viola.--Ein schirm voller sterne.--Der gang zur witwe.--Tausend jahre sind ein tag.</subfield>
  </datafield>
  <datafield tag="999" ind1=" " ind2=" ">
    <subfield code="c">619</subfield>
    <subfield code="d">619</subfield>
  </datafield>
</record>
